The Walking Dead Groups - Statistics

General Stats
  • This quiz has been taken 443 times
    389 since last reset
  • The average score is 10 of 23
Answer Stats
Hint Season Answer % Correct
Main community where they mostly live from season 5 onward 5- Alexandria
95%
Community led by Ezekiel 7-9 The Kingdom
80%
Community that is pretty much a mansion surrounded by walls 6- Hilltop
79%
Place where the survivors lived in season 3 and half of season 4 3-4 The Prison
77%
Fake Sanctuary where cannibals live 4-5 Terminus
70%
Group led by Negan 6-9 The Saviors
68%
Group that wear walker faces and herd walkers 9-11 The Whisperers
67%
Groups of mostly women that live on a beach 7- Oceanside
66%
Community that is like before the apocalypse 10- The Commonwealth
64%
Group that carves W’s into their foreheads 5-6 The Wolves
57%
Town led by the Governor 3 Woodbury
56%
Main headquarters of the above 7-9 The Sanctuary
48%
Group that claims things 4 The Claimers
40%
Group that lives in a junkyard 7-8 The Scavengers
25%
Former mercenaries that turned into a cult 10-11 The Reapers
24%
Cannibals that attack Connie and Virgil 11 The Ferals
9%
Group of former bandits that join Alexandria 9-10 The Highwaymen
9%
Alliance of the four communities 9- The Coalition
6%
Group of bandits that attack Rick, Glenn and Hershel in a bar 2 The Living
6%
Community where Maggie lived for a while she was gone 11 Meridian
3%
Community that Negan joined after he left. They were attacked by the commonwealth 11 Riverbend
2%
Group of people led by Maggie that came to Alexandria after the above was attacked 10-11 The Wardens
2%
Gated community located in the above 11- The Estates
1%
No matching quizzes found
Score Distribution
Percent of People with Each Score
Percentile by Number Answered
Your Score History
You have not taken this quiz since the last reset